000 00313nam a22001457a 4500
008 211019b ||||| |||| 00| 0 eng d
020 _a039532601-X
041 _aeng
080 _23rd
_a311
082 _a311
100 _a54
101 _aSTA
245 _aBusiness Statistics
_cDaniel,W.W
942 _2udc
_cBK
999 _c58263
_d58263